[Event "ECU-chT U20 Girls"]
[Site "Carpuela"]
[Date "2014.05.06"]
[Round "7.1"]
[White "Bedoya Ramos, Monica Andrea"]
[Black "Brito Heredia, Danya Silvana"]
[Result "1-0"]
[WhiteElo "1672"]
[BlackElo "1856"]
[PlyCount "74"]
[EventDate "2014.05.03"]
[EventType "team-swiss"]
[EventRounds "7"]
[EventCountry "ECU"]
[SourceTitle "CBM 160 Extra"]
[Source "ChessBase"]
[SourceDate "2014.07.01"]
[SourceVersion "1"]
[SourceVersionDate "2014.07.01"]
[SourceQuality "1"]
[WhiteTeam "Pichincha (W)"]
[BlackTeam "Chimborazo (W)"]
[WhiteTeamCountry "ECU"]
[BlackTeamCountry "ECU"]

1. e4 c5 2. Nc3 a6 3. g3 b5 4. Bg2 Bb7 5. d3 e6 6. Nh3 d6 7. 0-0 Nd7 8. Be3 Qc7 9. f4 Ngf6 10. Nf2 h5 11. h3 Be7 12. Qe2 d5 13. exd5 exd5 14. Bd2 0-0 15. g4 d4 16. Nce4 hxg4 17. hxg4 g6 18. f5 Kg7 19. Nh3 Rae8 20. Bf4 Ne5 21. g5 Nxe4 22. dxe4 f6 23. Qd2 Rh8 24. Bxe5 Qxe5 25. fxg6 fxg5 26. Rf5 Qg3 27. Nxg5 Bxg5 28. Qxg5 Qxg5 29. Rxg5 Bxe4 30. Bxe4 Rxe4 31. Rxc5 Rg4+ 32. Kf2 Rf8+ 33. Ke2 Rxg6 34. Rc7+ Rf7 35. Rxf7+ Kxf7 36. Kd3 Ke6 37. Kxd4 Kd6 1-0